• 首页
  • 本馆介绍
  • 公告通知
  • 最新文献
  • 馆藏检索
  • 电子资源
  • 读者导购
  • 参考咨询
  • 我的图书馆
  • 登录
  • 详细信息显示
  • 放入我的书架
  • 预约/预借图书
  • 作者相关作品
  • 分类相关作品
  • 丛书相关作品
  • 出版社相关作品

书目信息

  • 表格格式
  • 工作单格式
  • 卡片格式
题名:
肿瘤防治与康复
    
 
作者: 王振国 主编
分册:  
出版信息: 北京   时事出版社  1998
页数: 342页
开本: 20cm
丛书名:
单 册:
中图分类: R73-49
科图分类:
主题词: 肿瘤学
电子资源:
ISBN: 7-80009-339-5
000 00611nam0 2200205 450
001 0654904179
005 20070724111146.48
010    @a7-80009-339-5@dCNY20.00
100    @a20060929d1998 km y0chiy0120 ea
101 0  @achi
102    @aCN@b110000
200 1  @a肿瘤防治与康复@Azhong liu fang zhi yu kang fu@f王振国 主编@Fwang zhen guo zhu bian
210    @a北京@c时事出版社@d1998@h1999
215    @a342页@d20cm
300    @a中国首届十大杰出青年王振国向癌症病人的献礼
606 0  @a肿瘤学
690    @aR73-49@v3
701  0 @a王振国@Awang zhen guo@4主编
801  0 @aCN@bPFT@c20070724
905    @a10447@dR73-49@e22
    
    肿瘤防治与康复/王振国 主编.-北京:时事出版社,1998(1999)
    342页;20cm
    中国首届十大杰出青年王振国向癌症病人的献礼
    
    ISBN 7-80009-339-5:CNY20.00
    
●
相关链接 在E读中查询图书 在五车中查询图书 在当当中查询图书 在豆瓣中查询图书


正题名:肿瘤防治与康复     索取号:R73-49/22         预约/预借

序号 登录号 条形码 馆藏地/架位号 状态 备注
1 0769517   207695172   第二样本阅览室/ [索取号:R73-49/22] 在馆    
唐山师范学院图书馆 欢迎您!
大连网信软件有限公司© 版权所有